Humanism and the culture of renaissance Europe

The book traces the humanist "movement" from its origines in medieval culture and through the appropriation of classical Antiquity, and connects it to the social and political environments in which it subsequently developed

Bewaard in:
Bibliografische gegevens
Hoofdauteur: Charles G Nauert
Formaat: Boek
Taal:Undetermined
Gepubliceerd in: Cambridge, New York Cambridge Univ. Press 1995
Onderwerpen:
Tags: Voeg label toe
Geen labels, Wees de eerste die dit record labelt!
Thư viện lưu trữ: Trung tâm Học liệu Trường Đại học Cần Thơ
LEADER 00813nam a2200205Ia 4500
001 CTU_27282
008 210402s9999 xx 000 0 und d
020 |b 51.31Dfl 
082 |a 940.21 
082 |b N296 
100 |a Charles G Nauert 
245 0 |a Humanism and the culture of renaissance Europe 
245 0 |c Charles G Nauert 
260 |a Cambridge, New York 
260 |b Cambridge Univ. Press 
260 |c 1995 
520 |a The book traces the humanist "movement" from its origines in medieval culture and through the appropriation of classical Antiquity, and connects it to the social and political environments in which it subsequently developed 
650 |a europe - history - renaissance, 1450-1600,humanism 
904 |i Minh, 981214 
980 |a Trung tâm Học liệu Trường Đại học Cần Thơ